C`est parti! sous la banniere du Comm-Anar
Збережено в:
| Формат: | Книга |
|---|---|
| Мова: | Французька Англійська |
| Опубліковано: |
Lyon
World Realiste Church
2012
|
| Редагування: | 1a. ed |
| Предмети: | |
| Теги: |
Додати тег
Немає тегів, Будьте першим, хто поставить тег для цього запису!
|
MARC
| LEADER | 00000cam a2200000 a 4500 | ||
|---|---|---|---|
| 001 | UCC7590 | ||
| 003 | CL-VaPUC | ||
| 008 | 190418e20120000fr |||||||||||||||||fre|d | ||
| 041 | 0 | 7 | |a fre |2 CL-VaPUC |
| 041 | 0 | 7 | |a eng |2 CL-VaPUC |
| 082 | 0 | 4 | |a 301 |b CES |2 21 |
| 245 | 1 | 2 | |a C`est parti! sous la banniere du Comm-Anar |
| 246 | 1 | 0 | |a Here we go! under the banner of Anar-Comm |
| 250 | |a 1a. ed | ||
| 300 | |a pag. irreg | ||
| 942 | |c BK | ||
| 945 | |d 20190418 12:46:00 |a dcastane | ||
| 260 | |a Lyon |b World Realiste Church |c 2012 | ||
| 500 | |a Incluye Cd con audio | ||
| 650 | 7 | |a SOCIOLOGIA DE GRUPOS |2 CL-VaPUC |9 412974 | |
| 650 | 0 | |a Antropología cultural y social |9 265143 | |
| 583 | |a last modification |c 20190418 12:46:00 |k Rodrigo Vera | ||
| 999 | |c 374199 |d 374197 | ||
| 952 | |0 0 |1 0 |3 erd |4 0 |6 301_000000000000000_CES_2012 |7 0 |8 A |9 492684 |a BIBEDU |b BIBEDU |i 5543622 |l 1 |o 301 CES 2012 |p 5543622 |r 2023-07-10 |s 2023-07-10 |w 2019-11-24 |y BK |z Catalogado en:20190418 |k FIL | ||
| 952 | |0 0 |1 0 |3 cd |4 0 |6 301_000000000000000_CES_2012 |7 0 |8 A |9 492685 |a BIBEDU |b BIBEDU |i 5543630 |o 301 CES 2012 |p 5543630 |r 2019-11-24 |w 2019-11-24 |y BK |z Catalogado en:20190418 |k FIL | ||